Anglicko-český slovník

Enregistré dans:
Détails bibliographiques
Format: Livre
Langue:anglais
tchèque
Publié: Praha Státní pedagogické nakladatelství 1982
Édition:5. vyd.
Collection:Střední slovníky jednostranné
Tags: Ajouter un tag
Pas de tags, Soyez le premier à ajouter un tag!

MARC

LEADER 00000nam a2200000 4500
001 c111655
005 20260202100920.5
041 0 |a eng 
041 0 |a cze 
044 |a CZ 
245 1 0 |a Anglicko-český slovník  |c Jan Caha, Jiří Krámský 
250 |a 5. vyd. 
264 1 |a Praha  |b Státní pedagogické nakladatelství  |c 1982 
300 |a 877 s. 
490 1 |a Střední slovníky jednostranné 
830 0 |a Střední slovníky jednostranné